Κατάλογος Βιβλιοθηκών Mediterranean College

Tourism and Economic Development / Western European Experiences (Record no. 5333)

MARC details
000 -LEADER
fixed length control field 01459cam a22002174a 4500
005 - ΗΜΕΡΟΜΗΝΙΑ ΚΑΙ ΩΡΑ ΤΕΛΕΥΤΑΙΑΣ ΕΝΗΜΕΡΩΣΗΣ
Πεδίο ελέγχου 20250605164210.0
008 - FIXED-LENGTH DATA ELEMENTS--GENERAL INFORMATION
Πεδίο ελέγχου σταθερού μήκους 250528s ||||||||||||||||||||||||d
035 ## - SYSTEM CONTROL NUMBER
System control number 20198
020 ## - ISBN
ISBN 471947946
040 ## - ΠΗΓΗ ΚΑΤΑΛΟΓΟΓΡΑΦΗΣΗΣ
Φορέας πρωτότυπης καταλογογράφησης MC Athens Campus Library
Γλώσσα καταλογογράφησης Ελληνικά, Μοντέρνα (1453-)
Modifying agency MC Athens Campus Library
Κανόνες περιγραφικής καταλογογράφησης AACR2
245 1# - ΤΙΤΛΟΣ ΚΑΙ ΔΗΛΩΣΗ ΥΠΕΥΘΥΝΟΤΗΤΑΣ
Τίτλος Tourism and Economic Development / Western European Experiences
250 ## - EDITION STATEMENT
Edition statement 2nd
260 ## - PUBLICATION, DISTRIBUTION, ETC.
Name of publisher, distributor, etc. John Wiley & Sons,
Date of publication, distribution, etc. 1995
300 ## - PHYSICAL DESCRIPTION
Extent 296
520 ## - SUMMARY, ETC.
Summary, etc. This diverse region offers a wide range of examples of the potential and limitations of tourism as a vehicle for development, and of government policy for tourism. Preface, Tourism and Development: Introduction, Western European Tourism in Perspective, Spain: the Phenomenon of Mass Tourism, Italy: Multi-Faceted Tourism, Greece: Prospects and Contradictions of Tourism in the 1980s, Portugal: Market Segmentation and Regional Specialization, Switzerland: Structural Change within Stability, Austria: Contrasting Tourist Seasons and Contrasting Regions, The United Kingdom: Market Responses and Public Policy, France: The Changing Character of a Key Industry, The Federal Republic of Germany: A Growing International Deficit?, The Netherlands: Tourist Development in a Crowded Society, Scandinavia: Challenging Nature in Norway, Tourism Policies in a Changing Economic Environment, Bibliography, Index.
700 1# - ΠΡΟΣΘΕΤΗ ΑΝΑΓΡΑΦΗ--ΦΥΣΙΚΟ ΠΡΟΣΩΠΟ
Personal name Shaw Gareth
9 (RLIN) 3475
700 1# - ΠΡΟΣΘΕΤΗ ΑΝΑΓΡΑΦΗ--ΦΥΣΙΚΟ ΠΡΟΣΩΠΟ
Personal name Williams Allan M
9 (RLIN) 3476
942 ## - ADDED ENTRY ELEMENTS (KOHA)
Koha item type Books
Holdings
Τύπος τεκμηρίου Βιβλιοθήκη Τρέχουσα τοποθεσία Barcode Αριθμός εισαγωγής Ημερομηνία απόκτησης Ταξιθετικό σύμβολο Αριθμός αντιτύπου Κατάσταση απόσυρσης Κατάσταση χαμένου Κατάσταση κατεστραμμένου Μη δανεισμός Σύνολο δανεισμών Ημερομηνία τελευταίας εμφάνισης Η τιμή ισχύει από
Books MC Athens Campus Library MC Athens Campus Library 9780000053329 6448 05/06/2025 380.1/459140455 WIL 1           05/06/2025 05/06/2025

MC Athens Campus Library
Πατησίων 94 & Κοδριγκτώνος 13, 104 34
Πελλήνης 8 & Πατησίων 107, 112 51
Τ: +30 210 8899600

MC Thessaloniki Campus Library
Ίωνος Δραγούμη 21, 54625 | Ίωνος Δραγούμη 15, 54625
Τ: +30 2310 287779 – Τ: +30 2314 440300